ខ្ញុំបានឆ្លងកាត់សង្រ្គាមនៅកម្ពុជា / (Record no. 1523)
[ view plain ]
| 000 -LEADER | |
|---|---|
| fixed length control field | 01805nam a22002897a 4500 |
| 001 - CONTROL NUMBER | |
| control field | 1523 |
| 003 - CONTROL NUMBER IDENTIFIER | |
| control field | FISKH |
| 005 - DATE AND TIME OF LATEST TRANSACTION | |
| control field | 20231010091352.0 |
| 008 - FIXED-LENGTH DATA ELEMENTS--GENERAL INFORMATION | |
| fixed length control field | 230901b cb ||||| |||| 00| 0 khr d |
| 020 ## - INTERNATIONAL STANDARD BOOK NUMBER | |
| International Standard Book Number | 9789995054731 |
| 040 ## - CATALOGING SOURCE | |
| Original cataloging agency | FISKH |
| Language of cataloging | eng |
| Transcribing agency | FISKH |
| Modifying agency | FISKH |
| 082 ## - DEWEY DECIMAL CLASSIFICATION NUMBER | |
| Classification number | 973.7 |
| 100 ## - MAIN ENTRY--PERSONAL NAME | |
| Personal name | Fidelin, Benoit |
| 245 ## - TITLE STATEMENT | |
| Title | ខ្ញុំបានឆ្លងកាត់សង្រ្គាមនៅកម្ពុជា / |
| Remainder of title | សម័យខ្មែរក្រហម : |
| 250 ## - EDITION STATEMENT | |
| Edition statement | បោះពុម្ពលើកទី ៥ មិនា ២០២២ |
| 260 ## - PUBLICATION, DISTRIBUTION, ETC. | |
| Place of publication, distribution, etc. | Bayard : |
| Name of publisher, distributor, etc. | Sipar, |
| Date of publication, distribution, etc. | 2005. |
| 300 ## - PHYSICAL DESCRIPTION | |
| Extent | 83 pages : |
| Other physical details | color illustrations ; |
| Dimensions | 20 cm |
| 490 ## - SERIES STATEMENT | |
| Series statement | ខ្ញុំចង់ដឹង |
| 505 ## - FORMATTED CONTENTS NOTE | |
| Formatted contents note | Z' <br/><br/> |
| 520 ## - SUMMARY, ETC. | |
| Summary, etc. | សង្រ្គាមស៊ីវិល និងអំណាចផ្ដាច់ការរបស់ពួកខ្មែរក្រហម បានធ្វើឳ្យប្រទេសកម្ពុជាវិនាសខ្ទេចខ្ទាំ ពីឆ្នាំ ១៩៧០ ដល់ ១៩៧៩។ មនុស្ស៣នាក់នឹងផ្ដល់នូវសក្ខីកម្ម ដើម្បីជួយបំភ្លឺសោកនាដកម្មដែលគេមិនទាន់យល់ច្បាស់។ |
| 520 ## - SUMMARY, ETC. | |
| Summary, etc. | The civil war and the Khmer Rouge dictatorship wreaked havoc in Cambodia from 1970 to 1979. Three people will testify to help clarify the tragedy that is not yet fully understood. |
| 521 8# - TARGET AUDIENCE NOTE | |
| Target audience note | 1000<br/><br/> |
| Source | Lexile estimate<br/> |
| 521 8# - TARGET AUDIENCE NOTE | |
| Target audience note | Z'<br/> |
| Source | Raz-Plus<br/> |
| 650 ## - SUBJECT ADDED ENTRY--TOPICAL TERM | |
| Topical term or geographic name entry element | ខ្មែរក្រហម |
| Form subdivision | សង្រ្គាមស៊ីវិល |
| General subdivision | បំផ្លាញ |
| Chronological subdivision | សាក្សី |
| 650 ## - SUBJECT ADDED ENTRY--TOPICAL TERM | |
| Topical term or geographic name entry element | Khmer rough |
| Form subdivision | Civil war |
| General subdivision | Destroy |
| Chronological subdivision | Witness |
| 942 ## - ADDED ENTRY ELEMENTS (KOHA) | |
| Source of classification or shelving scheme | Dewey Decimal Classification |
| Koha item type | Books |
| Suppress in OPAC | No |
| Withdrawn status | Lost status | Source of classification or shelving scheme | Damaged status | Not for loan | Collection | Home library | Current library | Shelving location | Date acquired | Total Checkouts | Full call number | Barcode | Date last seen | Copy number | Price effective from | Koha item type | Date last checked out |
|---|---|---|---|---|---|---|---|---|---|---|---|---|---|---|---|---|---|
| Dewey Decimal Classification | Khmer Non-Fiction / សៀវភៅខ្មែរ រឿងពិត | Footprints International School Library Network Toul Kork Campus | Footprints International School Library Network Toul Kork Campus | 09/01/2023 | FID 973.7 | 2023-0452 | 09/01/2023 | 1 | 09/01/2023 | Books | |||||||
| Dewey Decimal Classification | Khmer Non-Fiction / សៀវភៅខ្មែរ រឿងពិត | Footprints International School Library Network Toul Kork Campus | Footprints International School Library Network Toul Kork Campus | 09/01/2023 | 1 | FID 973.7 | 2023-0453 | 01/05/2026 | 2 | 09/01/2023 | Books | 11/10/2025 | |||||
| Dewey Decimal Classification | Khmer Non-Fiction / សៀវភៅខ្មែរ រឿងពិត | Footprints International School Library Network Toul Kork Campus | Footprints International School Library Network Toul Kork Campus | 09/01/2023 | 1 | FID 973.7 | FISTK03710 | 06/19/2025 | 3 | 09/01/2023 | Books | 05/26/2025 | |||||
| Dewey Decimal Classification | Khmer Non-Fiction / សៀវភៅខ្មែរ រឿងពិត | Footprints International School Library Network Toul Kork Campus | Footprints International School Library Network Toul Kork Campus | TK Old Khmer Books (Rear Hallway Shelf 3) | 03/26/2024 | 1 | FID 973.7 | FISTK03737 | 11/10/2025 | 4 | 03/26/2024 | Khmer Books | 05/21/2025 | ||||
| Dewey Decimal Classification | Khmer Non-Fiction / សៀវភៅខ្មែរ រឿងពិត | Footprints International School Library Network Toul Tom Poung Campus | Footprints International School Library Network Toul Tom Poung Campus | TTP Secondary Khmer Bookshelves | 03/27/2025 | FID 973.7 | FISSE02287 | 03/27/2025 | 5 | 03/27/2025 | Khmer Books |
